[Event "Runavik Open 2018"]
[Site "Runavik"]
[Date "2018.11.18"]
[Round "9"]
[White "Papin, Vasily"]
[Black "Bernadskiy, Vitaliy"]
[Result "1-0"]
[WhiteElo "2483"]
[BlackElo "2544"]
[Annotator "TA"]
[PlyCount "100"]
[EventDate "2018.11.12"]
[EventType "swiss"]
[EventCountry "FAI"]
[SourceTitle "playchess.com"]
[Source "ChessBase"]
[SourceQuality "1"]

{[%evp 18,100,43,29,33,30,38,33,29,30,37,41,34,26,22,0,0,15,12,13,28,35,41,41,29,18,50,-24,0,3,10,9,7,-4,-4,-3,0,0,-3,-8,0,-4,0,0,0,-16,0,0,0,0,0,0,0,0,18,8,49,53,125,134,301,310,450,450,450,450,450,450,449,447,444,444,450,440,699,695,689,666,530,515,458,347,502,384,411]} 1. Nf3 Nf6 2. c4 g6 3. Nc3 Bg7 4. g3 O-O 5. Bg2 d6 6. d4 Nc6 7. O-O e5 8. dxe5 dxe5 9. Bg5 Be6 10. Qc1 {LiveBook: 26 Games. E62: King's Indian: Fianchetto: 6...c6 and Panno Variation (6...Nc6) without ...a6} Qb8 11. Rd1 Re8 $146 ({Predecessor:} 11... Nd7 12. Bh6 f6 13. Bxg7 Kxg7 14. b3 Rf7 15. Qb2 Qf8 16. Rd2 Rd8 17. Rad1 Nb6 18. Rxd8 Nxd8 {½-½ (35) Vidit,S (2721)-Naiditsch,A (2700) Hungary 2017}) 12. Nd5 {White is slightly better.} Nd7 13. Bh6 f6 14. Bxg7 Kxg7 15. Qc3 Nd8 16. Qa5 b6 17. Qc3 c6 18. Ne3 Nf7 19. Ne1 Qc7 20. Nd3 a5 21. Rac1 Rad8 22. Qa3 ({White should try} 22. b4 $14) 22... Nb8 23. b4 axb4 24. Nxb4 Rd4 25. Nbc2 (25. c5 {seems wilder.} Qe7 26. Nd3 b5 27. Nb4 Rc8 28. Qc3) 25... Rxd1+ 26. Rxd1 f5 27. Qc3 Rd8 28. Rb1 Kg8 29. Nb4 e4 30. c5 b5 31. f3 exf3 32. exf3 f4 33. Ng4 Bxg4 34. fxg4 fxg3 35. Qxg3 Qe7 36. Qf2 Ne5 37. Re1 Qg7 (37... Qe6 $14) 38. Qe3 $16 Re8 $2 {[#]} (38... Nc4 $16 {was necessary.} 39. Qe6+ Qf7) 39. Nd3 $1 $18 {[%cal Rd3e5]} Nbd7 {[#]} (39... Re7 $142 40. Nxe5 Nd7 41. Qb3+ (41. Bxc6 Rxe5 42. Qb3+ Kh8 $18) 41... Kh8) 40. Bxc6 $1 {[%mdl 512]} Qf6 (40... Nxc6 41. Qxe8+) 41. Bxd7 Nf3+ 42. Qxf3 $1 Qxf3 43. Rxe8+ Kg7 44. Nf2 Qf4 45. c6 h5 (45... Qd6 $142 46. g5 Qf4) 46. Rc8 Qc1+ 47. Kg2 Qc4 48. a3 Qc5 49. Re8 Qc1 (49... Qd5+ $142 50. Kg1 Qc5) 50. Re4 Qc5 {Precision: White = 65%, Black = 48%.} 1-0

[Event "Runavik Open 2018"]
[Site "Runavik"]
[Date "2018.11.18"]
[Round "9"]
[White "Miezis, Normunds"]
[Black "Korneev, Oleg"]
[Result "1/2-1/2"]
[WhiteElo "2477"]
[BlackElo "2551"]
[Annotator "TA"]
[PlyCount "61"]
[EventDate "2018.11.12"]
[EventType "swiss"]
[EventCountry "FAI"]
[SourceTitle "playchess.com"]
[Source "ChessBase"]
[SourceQuality "1"]

{[%evp 23,61,5,4,4,4,6,0,2,6,0,7,0,-2,-8,5,0,3,0,0,0,0,0,12,0,13,4,16,0,13,0,5,0,15,0,2,2,10,0,6,4]} 1. c4 e6 2. e3 d5 3. b3 Nf6 4. Bb2 Be7 5. Be2 O-O 6. Nf3 c5 7. O-O Nc6 8. cxd5 Nxd5 9. Nc3 Nxc3 10. Bxc3 b6 11. d4 Bb7 12. dxc5 Bxc5 {The position is equal.} 13. a3 {A13: English Opening: 1...e6} (13. Qc1 Bb4 14. a3 Bxc3 15. Qxc3 Qf6 16. Rfc1 Rfd8 17. Qxf6 gxf6 18. Rc3 Rac8 19. Rac1 Kf8 20. h3 Ne7 {½-½ (65) Garcia Palermo,C (2470)-Ricardi,P (2554) Pinamar 2001}) 13... Qxd1 14. Rfxd1 {[#] Strongly threatening b4.} Rfd8 15. b4 Be7 16. Rxd8+ $146 (16. b5 {is interesting.} Rxd1+ 17. Rxd1 Nd8 18. Bb4 Kf8 19. Kf1) ({Predecessor:} 16. h3 Rac8 17. Rxd8+ Nxd8 18. Rc1 {0-1 (45) Keen,E-Milicevic,S Novi Sad 1990}) 16... Rxd8 17. Rd1 Rxd1+ 18. Bxd1 Kf8 19. Kf1 f6 20. Bc2 g6 21. Bb3 e5 22. Nd2 h5 23. g3 Ke8 24. h4 Ba6+ 25. Kg1 Bb7 26. Bc2 Kf7 27. Bb3+ Ke8 28. Bc4 a6 29. Bd3 Kf7 $1 30. Bc4+ Ke8 31. f4 {Accuracy: White = 26%, Black = 65%.} 1/2-1/2

[Event "Runavik Open 2018"]
[Site "Runavik"]
[Date "2018.11.18"]
[Round "9"]
[White "Kjartansson, Gudmundur"]
[Black "Markensten, Max"]
[Result "1-0"]
[WhiteElo "2423"]
[BlackElo "1660"]
[Annotator "TA"]
[PlyCount "51"]
[EventDate "2018.11.12"]
[EventType "swiss"]
[EventCountry "FAI"]
[SourceTitle "playchess.com"]
[Source "ChessBase"]
[SourceQuality "1"]

{[%evp 11,51,18,43,16,79,79,85,78,77,83,85,77,82,41,104,80,89,68,94,96,95,100,93,104,101,88,94,93,289,281,282,290,419,354,348,341,351,345,353,352,414,412]} 1. e4 c5 2. Nf3 g6 3. c3 d5 4. exd5 Qxd5 5. d4 Bg7 6. Be2 Nc6 {[%cal Rc5d4] LiveBook: 6 Games. B06: Modern Defence} (6... Nf6 7. c4 Qd8 8. d5 b5 9. O-O O-O 10. a3 bxc4 11. Bxc4 Nbd7 12. Nc3 Nb6 13. Qb3 Nxc4 14. Qxc4 Qb6 15. Re1 Ba6 16. Qh4 Rfe8 17. Ne5 Bb7 {0-1 (32) Bologan,V (2640)-Morozevich,A (2683) Sochi 2016}) 7. dxc5 (7. c4 {seems wilder.} Qd6 8. d5 Nd4 9. Nc3 Nxf3+ 10. Bxf3 Nh6 11. O-O) 7... Qxd1+ (7... Qxc5 $11 8. Be3 Qf5) 8. Bxd1 $16 Nf6 $146 {White is better.} ({Predecessor:} 8... Bf5 9. O-O Nf6 10. Re1 O-O 11. Nbd2 Rfd8 {1-0 (27) Amorim,J-Maia,E Brazil CXEB 2002}) 9. O-O O-O 10. Na3 Rd8 11. Re1 Be6 12. Bb3 Nd5 (12... Bd5 $14) 13. Bd2 Rac8 14. Rad1 Bg4 15. Bc1 Bxf3 16. gxf3 e6 17. Nc4 $36 {[%mdl 2048] Black is under strong pressure.} Bf8 18. Nd6 Bxd6 19. cxd6 {Threatens to win with Bg5.} b5 $2 {[#]} (19... Nb6 $16 {was necessary.}) 20. Bxd5 $18 exd5 21. Rxd5 Nb8 (21... Rd7 $142 22. Bf4 a6) 22. Rxb5 Rxd6 23. Bf4 Rb6 24. Rxb6 axb6 25. Re7 Nc6 26. Rb7 {Accuracy: White = 74%, Black = 33%.} 1-0

[Event "Runavik Open 2018"]
[Site "Runavik"]
[Date "2018.11.18"]
[Round "9"]
[White "Karpatchev, Aleksandr"]
[Black "Nielsen, Rogvi Egilstoft"]
[Result "1/2-1/2"]
[WhiteElo "2416"]
[BlackElo "2339"]
[Annotator "TA"]
[PlyCount "66"]
[EventDate "2018.11.12"]
[EventType "swiss"]
[EventCountry "FAI"]
[SourceTitle "playchess.com"]
[Source "ChessBase"]
[SourceQuality "1"]

{[%evp 17,66,71,97,39,45,39,54,25,12,14,14,22,71,79,97,62,110,108,115,99,228,38,80,29,40,60,52,54,65,47,62,66,85,84,122,-39,-34,-40,-37,-37,-31,-59,-27,-39,-13,-13,-14,-23,0,0,0]} 1. e4 Nc6 2. Nf3 d6 3. d4 Nf6 4. Nc3 g6 {[%cal Bg7g6,Bg6g5][%mdl 32]} 5. Be3 Bg7 6. Qd2 {B06: Modern Defence} (6. d5 Nb8 7. Qd2 c6 8. Be2 O-O 9. O-O cxd5 10. exd5 b6 11. Bh6 Bb7 12. Bxg7 Kxg7 13. Nd4 a6 {½-½ (30) Aronian,L (2797)-Nakamura,H (2781) Caleta 2018}) 6... Ng4 7. Bg5 {[%cal Be3g5,Bg5h4,Bh4g3][%mdl 32]} h6 8. Bh4 g5 9. Bg3 e5 {[%cal Re5d4] LiveBook: 5 Games} 10. Bb5 (10. d5 $16 Nd4 11. h4) 10... exd4 $14 11. Nxd4 {And now f3 would win.} Bd7 12. Nf5 Bxf5 13. exf5 Qe7+ 14. Kf1 $146 ({Predecessor:} 14. Qe2 Qxe2+ 15. Bxe2 Bxc3+ 16. bxc3 Nge5 {½-½ (24) Bujnoch,R (2207)-Mares,P (1988) Czechia 2012}) 14... Kf8 15. Nd5 Qd7 16. Re1 {[%cal Ba1e1,Be1e7,Be7c7][%mdl 32]} Rd8 17. Re7 Qxf5 18. Rxc7 {[%mdl 64] Double Attack} Nd4 (18... a6 $16 19. Be2 (19. Bxc6 bxc6 20. Rxc6 {[%mdl 64] Double Attack} Bxb2 $16) 19... Bxb2) 19. Qd3 $2 (19. Bd3 $1 $18 {[%cal Rd3f5]} Qxd5 20. Bc4) 19... Qe6 (19... Qxd5 $2 20. Bc4 $18) 20. Bc4 (20. c3 $16 Nxb5 21. Re7 (21. Qxb5 Re8 $17)) 20... b5 $1 $11 {[%cal Rb5c4]} ({Avoid the trap} 20... Re8 $2 21. Rxf7+ $1 {[%mdl 512]} (21. f3 b5 $11) 21... Qxf7 22. Bxd6+ Kg8 23. Nf6+ $1 {[%mdl 512]} Nxf6 24. Bxf7+ Kxf7 25. Qxd4 $18) 21. Nf4 Qxc4 $1 22. Rxc4 bxc4 23. Qd1 gxf4 24. Bh4 {[#]} Ne3+ $1 25. fxe3 Nf5 {[#]} 26. Bxd8 $2 (26. Bf2 $1 $16) 26... Nxe3+ $15 {[%mdl 64] Double Attack} 27. Ke2 Nxd1 28. Rxd1 {[%mdl 4096] Endgame KRB-KRB} Be5 29. b3 Ke8 30. Bh4 Rg8 {aiming for ...cxb3.} 31. Kf3 Kd7 32. Bf2 cxb3 33. cxb3 a6 {Accuracy: White = 33%, Black = 43%.} 1/2-1/2

[Event "Runavik Open 2018"]
[Site "Runavik"]
[Date "2018.11.18"]
[Round "9"]
[White "Fjallheim, Leif Reinert"]
[Black "Nielsen, Jon I Horni"]
[Result "0-1"]
[WhiteElo "1919"]
[BlackElo "1710"]
[Annotator "NA RC"]
[PlyCount "122"]
[EventDate "2018.11.12"]
[EventType "swiss"]
[EventCountry "FAI"]
[SourceTitle "playchess.com"]
[Source "ChessBase"]
[SourceQuality "1"]
[TimeControl "40/5400+30:900+30"]

1. e4 {[%emt 0:00:04]} e5 {[%emt 0:00:13]} 2. Nf3 {[%emt 0:00:14]} Nc6 {[%emt 0:01:10]} 3. Bb5 {[%emt 0:00:41]} a6 {[%emt 0:02:07]} 4. Ba4 {[%emt 0:00:07]} b5 {[%emt 0:01:41]} 5. Bb3 {[%emt 0:00:09]} Nf6 {[%emt 0:01:37]} 6. Qe2 {[%emt 0:00:49]} Bc5 {[%emt 0:01:59]} 7. c3 {[%emt 0:01:39]} d6 {[%emt 0:00:31]} 8. d3 {[%emt 0:02:00]} h6 {[%emt 0:02:53]} 9. O-O {[%emt 0:02:19] LiveBook: 11 Games} O-O {[%emt 0:03:15]} 10. h3 {[%emt 0:01:11] C77: Ruy Lopez: 3...a6 4 Ba4 Nf6, unusual lines} Be6 {[%emt 0:05:15]} 11. Bc2 {[%emt 0:01:46]} Re8 {[%emt 0:04:37]} 12. Rd1 {[%emt 0:02:57]} d5 {[%emt 0:08:53]} (12... Bb6 13. Nbd2 d5 14. Nf1 Qd7 15. Kh2 Rad8 {1-0 (36) Bortnyk,O (2610)-Sargissian,G (2672) Riadh 2017}) 13. Nbd2 {[%emt 0:04:14]} d4 {[%emt 0:02:59]} 14. Nf1 $146 {[%emt 0:04:06]} ({Predecessor:} 14. c4 Nd7 15. a3 Bf8 16. b4 Qb8 17. Rb1 {½-½ (55) Ahmadzada,A (2025)-Drenchev,P (2465) Varna 2015}) 14... Qd7 {[%emt 0:07:27]} 15. Ng3 {[%emt 0:13:10]} Rad8 {[%emt 0:07:48]} 16. Bd2 {[%emt 0:11:27]} Nh7 {[%emt 0:07:46]} 17. cxd4 {[%emt 0:08:10]} Nxd4 {[%emt 0:01:08]} 18. Nxd4 {[%emt 0:00:07]} Bxd4 {[%emt 0:00:47]} 19. Bc3 {[%emt 0:00:42]} c5 {[%emt 0:07:47]} 20. Bb3 {[%emt 0:05:08]} g6 {[%emt 0:05:50]} 21. Bxd4 {[%emt 0:05:19]} Qxd4 {[%emt 0:01:38]} 22. Qc2 {[%emt 0:04:49]} Nf6 {[%emt 0:07:13]} 23. Ne2 {[%emt 0:03:06]} Qd6 {[%emt 0:03:34]} 24. Bxe6 {[%emt 0:04:55]} Rxe6 {[%emt 0:01:17]} 25. Rac1 {[%emt 0:01:31]} Nd7 {[%emt 0:03:58]} 26. Qd2 {[%emt 0:00:57]} Kh7 {[%emt 0:01:08]} 27. Qe3 {[%emt 0:01:31]} Rf6 {[%emt 0:01:30]} 28. Rc2 {[%emt 0:03:13]} Rc8 {[%emt 0:03:58]} 29. Rdc1 {[%emt 0:01:09]} Qe6 {[%emt 0:03:32]} 30. b3 {[%emt 0:02:39]} Qe7 {[%emt 0:00:37]} 31. Nc3 {[%emt 0:01:36]} Rfc6 {[%emt 0:00:49]} 32. Nd5 {[%emt 0:01:04]} Qd6 {[%emt 0:00:26]} 33. Qf3 {[%emt 0:02:25]} Kg7 {[%emt 0:00:29]} 34. Qg3 {[%emt 0:02:09]} Nf6 {[%emt 0:00:31]} 35. Ne3 {[%emt 0:01:26]} Kh7 {[%emt 0:00:29]} 36. Rc3 {[%emt 0:03:11]} Nh5 {[%emt 0:00:34]} 37. Qf3 {[%emt 0:00:43]} Nf4 {[%emt 0:00:25]} 38. Kh2 {[%emt 0:04:48]} Kg7 {[%emt 0:00:34]} 39. Nc2 {[%emt 0:00:38]} b4 {[%emt 0:00:24]} 40. Rc4 {[%emt 0:00:00]} a5 {[%emt 0:00:00]} ({Much worse is} 40... Nxd3 $6 41. Rd1 $14) 41. Ne1 {[%emt 0:02:06]} Ne6 {[%emt 0:02:34]} 42. Qe3 {[%emt 0:01:43]} Nd4 {[%emt 0:02:06]} 43. Nf3 {[%emt 0:03:00]} f5 {[%emt 0:04:39]} 44. Kh1 {[%emt 0:02:34]} (44. Nxd4 $11 cxd4 45. Qe2) 44... f4 {[%emt 0:00:33]} 45. Qd2 {[%emt 0:00:27]} Nxf3 {[%emt 0:03:44]} 46. gxf3 {[%emt 0:00:01]} Kf6 {[%emt 0:02:51]} 47. Kg2 {[%emt 0:01:48]} Kg5 {[%emt 0:01:12]} 48. Qe2 {[%emt 0:03:28]} Kh4 {[%emt 0:00:30]} 49. Kh2 $17 {[%emt 0:01:44]} Qd7 {[%emt 0:01:42]} 50. Qf1 {[%emt 0:00:27]} g5 {[%emt 0:00:14]} 51. R4c2 {[%emt 0:03:32]} h5 {[%emt 0:00:54]} 52. Rd1 {[%emt 0:00:32]} g4 {[%emt 0:00:09]} 53. hxg4 {[%emt 0:01:24]} hxg4 {[%emt 0:00:06]} 54. Qg2 {[%emt 0:00:31]} Rg8 {[%emt 0:01:09]} 55. Rh1 {[%emt 0:00:27]} Kg5 {[%emt 0:00:45]} 56. Kg1 {[%emt 0:00:34]} Kf6 {[%emt 0:00:30]} 57. Rh6+ {[%emt 0:00:27]} Kf7 {[%emt 0:00:30]} 58. Rh7+ {[%emt 0:00:08]} Rg7 {[%emt 0:00:02]} 59. Rxg7+ {[%emt 0:00:06]} Kxg7 {[%emt 0:00:12]} 60. fxg4 {[%emt 0:01:01]} Qxd3 {[%emt 0:00:22]} 61. f3 {[%emt 0:00:43]} Qd1+ {[%emt 0:00:30]} 0-1

[Event "Runavik Open 2018"]
[Site "Runavik"]
[Date "2018.11.18"]
[Round "9"]
[White "Berg, Margar M."]
[Black "Hojgaard, Brandur"]
[Result "1-0"]
[WhiteElo "1852"]
[BlackElo "1708"]
[Annotator "NA RC"]
[PlyCount "59"]
[EventDate "2018.11.12"]
[EventType "swiss"]
[EventCountry "FAI"]
[SourceTitle "playchess.com"]
[Source "ChessBase"]
[SourceQuality "1"]
[TimeControl "40/5400+30:900+30"]

{[%evp 18,57,-47,-118,32767,-154,-116,-134,-116,-193,-84,-81,-64,-58,-31,-50,32767,32767,32767,-60,-65,-61,-67,-71,32767,32767,32767,32767,-69,-106,-98,-110,32767,32767,32767,32767,34,32767,128,141,444,439]} 1. d4 {[%emt 0:00:00]} Nf6 {[%emt 0:00:00]} 2. Bg5 {[%emt 0:00:00]} e6 {[%emt 0:01:16]} 3. e4 {[%emt 0:00:13]} h6 {[%emt 0:01:27]} 4. Bxf6 {[%emt 0:00:24]} Qxf6 {[%emt 0:00:46]} 5. e5 {[%emt 0:00:56]} Qd8 {[%emt 0:00:27]} 6. Bd3 {[%emt 0:00:27] A45: Trompowsky Attack} d5 {[%emt 0:01:01]} 7. Ne2 {[%emt 0:00:50]} c5 {[%emt 0:01:10]} 8. c3 {[%emt 0:00:40]} Nc6 {[%emt 0:00:37]} 9. O-O {[%emt 0:06:30]} Bd7 {[%emt 0:02:37]} 10. f4 $146 {[%emt 0:01:47]} ({Predecessor:} 10. Nd2 $15 Qb6 11. Nf3 cxd4 12. Nexd4 Nxd4 13. Nxd4 Qxb2 14. Rb1 Qxc3 15. Rxb7 Bc5 16. Bb5 Bxd4 17. Bxd7+ {1-0 (19) Bacallao Alonso,Y (2522)-Dvirnyy,D (2560) Havana 2014}) 10... Qb6 {[%emt 0:06:26]} 11. Qb3 {[%emt 0:06:16]} ({Better is} 11. Nd2 $15) 11... Qxb3 {[%emt 0:08:34]} 12. axb3 {[%emt 0:00:09]} cxd4 {[%emt 0:00:34]} 13. cxd4 {[%emt 0:04:33] [#]} Nb4 {[%emt 0:01:15]} (13... Nxd4 $1 $19 {[%mdl 512] and Black stays clearly on top.} 14. Nxd4 Bc5) 14. Rf3 {[%emt 0:01:37]} Nxd3 {[%emt 0:01:06]} 15. Rxd3 {[%emt 0:00:10]} Bb4 {[%emt 0:05:20]} 16. Nbc3 {[%emt 0:01:00]} Bc6 {[%emt 0:10:47]} 17. h3 {[%emt 0:11:29]} Kd7 {[%emt 0:01:28]} 18. Ng3 {[%emt 0:16:46]} g6 {[%emt 0:01:15]} 19. Nf1 {[%emt 0:00:23]} a5 {[%emt 0:07:30]} 20. Ne3 {[%emt 0:02:44]} Be7 {[%emt 0:07:00]} 21. g4 {[%emt 0:02:04]} b5 {[%emt 0:04:34]} 22. f5 {[%emt 0:11:22]} gxf5 {[%emt 0:07:13]} 23. gxf5 {[%emt 0:02:16]} Rhg8+ {[%emt 0:03:15]} 24. Kh2 {[%emt 0:00:26]} f6 {[%emt 0:04:44]} 25. Re1 {[%emt 0:13:29]} b4 {[%emt 0:05:05]} 26. fxe6+ {[%emt 0:02:38]} Kxe6 {[%emt 0:00:49]} 27. Ne2 {[%emt 0:04:54]} fxe5 {[%emt 0:07:47]} (27... Kd7 $1 $11) 28. dxe5 $16 {[%emt 0:00:53]} Kxe5 $2 {[%emt 0:02:16]} (28... Kd7 $16) 29. Nd4 {[%emt 0:00:54]} Bd6 {[%emt 0:01:00]} 30. Nef5+ {[%emt 0:00:45]} 1-0

[Event "Runavik Open 2018"]
[Site "Runavik"]
[Date "2018.11.18"]
[Round "9"]
[White "Skaale, Janus"]
[Black "Jacobsen, Heidrikur T."]
[Result "0-1"]
[WhiteElo "1839"]
[BlackElo "1935"]
[Annotator "NA"]
[PlyCount "78"]
[EventDate "2018.11.12"]
[EventType "swiss"]
[EventCountry "FAI"]
[SourceTitle "playchess.com"]
[Source "ChessBase"]
[SourceQuality "1"]
[TimeControl "40/5400+30:900+30"]

1. e4 {[%emt 0:00:00]} e5 {[%emt 0:00:00]} 2. Nf3 {[%emt 0:00:10]} Nc6 {[%emt 0:00:04]} 3. Bc4 {[%emt 0:00:33]} Nf6 {[%emt 0:00:53]} 4. d3 {[%emt 0:00:50]} Bc5 {[%emt 0:01:18]} 5. c3 {[%emt 0:00:16]} d6 {[%emt 0:00:54]} 6. Nbd2 {[%emt 0:02:16]} O-O {[%emt 0:01:07]} 7. O-O {[%emt 0:01:26]} Bb6 {[%emt 0:01:59]} 8. Bb3 {[%emt 0:02:56]} Ne7 {[%emt 0:01:07]} 9. Nc4 {[%emt 0:11:11] C54: Giuoco Piano: 4 c3 Nf6, main lines with 5 d4 and 5 d3} Ng6 {[%emt 0:01:52]} (9... Be6 10. Re1 h6 11. a3 Ng6 12. Bc2 Bg4 13. h3 Bh5 14. Be3 Nh4 15. Ncd2 Nh7 16. g4 Bg6 17. Nxh4 Qxh4 18. Kg2 Ng5 19. Rh1 f5 20. exf5 {½-½ (20) Zhigalko,S (2671)-Andreikin,D (2737) Tallinn 2016}) 10. Be3 {[%emt 0:01:54]} Bg4 $146 {[%emt 0:02:32]} ({Predecessor:} 10... h6 11. h3 Re8 12. Qd2 Bxe3 13. fxe3 c6 14. Qf2 d5 {½-½ (48) Cubas,J (2434)-Morovic Fernandez,I (2551) Asuncion 2009}) 11. h3 {[%emt 0:03:01]} Be6 {[%emt 0:01:36]} 12. Nxb6 {[%emt 0:08:34]} axb6 {[%emt 0:04:52]} 13. Qc2 {[%emt 0:11:54]} Qd7 {[%emt 0:08:57]} 14. Ng5 {[%emt 0:04:56]} Bxb3 {[%emt 0:01:03]} 15. Qxb3 {[%emt 0:01:18]} h6 {[%emt 0:01:30]} 16. Nf3 {[%emt 0:01:08]} Nh5 {[%emt 0:00:47]} 17. d4 {[%emt 0:05:27]} Rae8 {[%emt 0:03:31]} 18. dxe5 {[%emt 0:02:29]} dxe5 {[%emt 0:00:36]} 19. Qd5 {[%emt 0:01:07]} Qxd5 {[%emt 0:03:43]} 20. exd5 {[%emt 0:00:05]} f5 {[%emt 0:01:26]} 21. Rfd1 {[%emt 0:01:21]} f4 {[%emt 0:01:54]} 22. Bc1 {[%emt 0:01:19]} Nf6 {[%emt 0:02:16]} 23. c4 $1 {[%emt 0:03:12]} Ne4 {[%emt 0:01:55]} 24. Nd2 {[%emt 0:01:38]} (24. a4 $11) 24... Nxd2 {[%emt 0:01:18]} 25. Bxd2 {[%emt 0:00:08]} e4 {[%emt 0:00:48]} 26. Re1 {[%emt 0:01:02]} Nh4 {[%emt 0:07:48]} 27. Kh1 {[%emt 0:13:49]} g5 {[%emt 0:01:01]} 28. Rad1 {[%emt 0:03:29]} Nf5 $15 {[%emt 0:01:18]} 29. Bb4 {[%emt 0:01:08]} Rf6 {[%emt 0:01:43]} 30. a4 {[%emt 0:02:56]} e3 {[%emt 0:02:20]} 31. fxe3 {[%emt 0:00:41]} fxe3 {[%emt 0:01:10]} 32. g4 {[%emt 0:01:51]} Nh4 {[%emt 0:04:54]} 33. Bc3 {[%emt 0:02:57]} Rf2 {[%emt 0:01:51]} 34. Rd2 {[%emt 0:02:47]} Rxd2 {[%emt 0:01:25]} 35. Bxd2 {[%emt 0:00:11]} exd2 {[%emt 0:00:09]} 36. Rxe8+ {[%emt 0:00:57]} Kf7 {[%emt 0:00:09]} 37. Re2 {[%emt 0:00:32]} d1=Q+ {[%emt 0:00:10]} 38. Kh2 {[%emt 0:00:11]} Qxe2+ {[%emt 0:00:07]} 39. Kg3 {[%emt 0:00:11]} Qg2# {[%emt 0:00:10]} 0-1

[Event "Runavik Open 2018"]
[Site "Runavik"]
[Date "2018.11.18"]
[Round "9"]
[White "Apol, Luitjen Akselsson"]
[Black "Fjallheim, Benjamin Reinert"]
[Result "1/2-1/2"]
[WhiteElo "1735"]
[BlackElo "1340"]
[Annotator "NA RC"]
[PlyCount "129"]
[EventDate "2018.11.12"]
[EventType "swiss"]
[EventCountry "FAI"]
[SourceTitle "playchess.com"]
[Source "ChessBase"]
[SourceQuality "1"]
[TimeControl "40/5400+30:900+30"]

1. e4 {[%emt 0:00:00]} e5 {[%emt 0:00:57]} 2. Nf3 {[%emt 0:00:42]} Nc6 {[%emt 0:00:36]} 3. Bb5 {[%emt 0:00:28]} a6 {[%emt 0:00:29]} 4. Ba4 {[%emt 0:00:25]} b5 {[%emt 0:00:44]} 5. Bb3 {[%emt 0:00:09]} Nf6 {[%emt 0:00:47]} 6. O-O {[%emt 0:00:33]} Be7 {[%emt 0:00:24]} 7. Re1 {[%emt 0:00:34]} O-O {[%emt 0:00:26]} 8. c3 {[%emt 0:00:21]} d6 {[%emt 0:00:33]} 9. h3 {[%emt 0:00:36]} Na5 {[%emt 0:00:42]} 10. Bc2 {[%emt 0:00:23]} c5 {[%emt 0:00:51]} 11. d3 {[%emt 0:02:28]} Be6 {[%emt 0:03:20]} 12. Nbd2 {[%emt 0:01:21]} h6 {[%emt 0:08:17]} 13. Nf1 {[%emt 0:02:45]} Nc6 {[%emt 0:03:55]} 14. Ng3 {[%emt 0:08:45]} Qb6 {[%emt 0:08:02]} 15. Nh2 {[%emt 0:09:40]} b4 {[%emt 0:03:37]} 16. Ng4 {[%emt 0:01:47]} Nxg4 {[%emt 0:02:24]} 17. hxg4 {[%emt 0:00:03]} g5 {[%emt 0:03:01]} 18. Nf5 {[%emt 0:05:08]} Bxf5 {[%emt 0:00:31]} 19. gxf5 {[%emt 0:01:20]} a5 {[%emt 0:00:30]} 20. Re3 {[%emt 0:03:27]} Kg7 {[%emt 0:04:39]} 21. Rh3 {[%emt 0:01:32]} Rh8 {[%emt 0:01:37]} 22. Bd2 {[%emt 0:08:32]} Nb8 {[%emt 0:07:22]} 23. Ba4 {[%emt 0:04:30]} Qc7 {[%emt 0:08:43]} 24. Rc1 {[%emt 0:10:35]} bxc3 {[%emt 0:04:37]} 25. bxc3 {[%emt 0:00:02]} Nd7 {[%emt 0:03:25]} 26. Rb1 {[%emt 0:03:38]} Nf6 {[%emt 0:04:47]} 27. Qc2 {[%emt 0:03:51]} Rab8 {[%emt 0:03:22]} 28. Bb5 {[%emt 0:06:25]} Rb7 {[%emt 0:03:29]} 29. Re3 {[%emt 0:02:14]} Rhb8 {[%emt 0:03:50]} 30. a4 {[%emt 0:00:51]} Nd7 {[%emt 0:01:30]} 31. Ree1 {[%emt 0:00:59]} Nb6 {[%emt 0:00:57]} 32. Be3 {[%emt 0:01:11]} Rh8 {[%emt 0:04:37]} 33. Qd2 {[%emt 0:02:41]} f6 {[%emt 0:01:20]} 34. f3 {[%emt 0:01:55]} h5 {[%emt 0:00:30]} 35. d4 {[%emt 0:01:49]} h4 {[%emt 0:01:56]} 36. Rbd1 {[%emt 0:02:28]} Rbb8 {[%emt 0:00:40]} 37. Kh2 {[%emt 0:01:20]} Rh7 {[%emt 0:02:12]} 38. Rh1 {[%emt 0:00:50]} Rbh8 {[%emt 0:00:35]} 39. Kg1 {[%emt 0:00:28]} Kf8 {[%emt 0:01:43]} 40. dxc5 {[%emt 0:00:00]} dxc5 {[%emt 0:00:00]} 41. Qa2 {[%emt 0:02:04]} Qc8 {[%emt 0:01:32]} 42. Qb3 {[%emt 0:03:04]} c4 {[%emt 0:01:52]} 43. Qa2 {[%emt 0:02:36]} Bc5 {[%emt 0:00:43]} 44. Qf2 {[%emt 0:00:34]} Bxe3 {[%emt 0:01:36]} 45. Qxe3 {[%emt 0:00:01]} Qc7 {[%emt 0:01:43]} 46. Qd2 {[%emt 0:02:07]} Qc5+ {[%emt 0:01:32]} 47. Qf2 {[%emt 0:01:40]} Qxf2+ {[%emt 0:00:32]} 48. Kxf2 {[%emt 0:00:02]} Ke7 {[%emt 0:00:17]} 49. Rd2 {[%emt 0:02:48]} Rd8 {[%emt 0:01:03]} 50. Rhd1 {[%emt 0:04:05]} Rhh8 {[%emt 0:00:16]} 51. Rxd8 {[%emt 0:01:06]} Rxd8 {[%emt 0:02:18]} 52. Rxd8 {[%emt 0:01:01]} Kxd8 {[%emt 0:00:07]} 53. g3 {[%emt 0:00:10]} hxg3+ {[%emt 0:01:28]} 54. Kxg3 {[%emt 0:00:02]} Ke7 {[%emt 0:00:45]} 55. Kg4 {[%emt 0:00:33]} Kf7 {[%emt 0:00:13]} 56. Kh5 {[%emt 0:01:04]} Kg7 {[%emt 0:00:07]} 57. Bc6 {[%emt 0:01:09]} Nc8 {[%emt 0:01:47]} 58. Bd7 {[%emt 0:00:44]} Nd6 {[%emt 0:06:49]} 59. Bb5 {[%emt 0:00:27]} Kh7 {[%emt 0:02:28]} 60. Bd7 {[%emt 0:01:46]} Nb7 {[%emt 0:01:01]} 61. Bc6 {[%emt 0:01:11]} Nc5 {[%emt 0:00:58]} 62. Bb5 {[%emt 0:00:52]} Kg7 {[%emt 0:00:32]} 63. Kg4 {[%emt 0:02:06]} Kh6 {[%emt 0:00:48]} 64. Kg3 {[%emt 0:00:28]} Kh5 {[%emt 0:01:25]} 65. Be8+ {[%emt 0:00:10]} 1/2-1/2